000 01344nam a2200385 a 4500
001 vtls000324386
003 NLI
005 20210602144910.0
008 110105 2006 ii 000 0 hin d
020 _a8173155380
_cRs 250 .00
039 9 _y201101052008
_zhindi1
040 _aNLI
_bhin
_cHindi Div
_eAACR2
041 0 _ahin
044 _aii
082 0 4 _222
100 1 _6880 -01
_aमाशेलकर,रघुनाथ अनंत.
_9953
245 1 0 _6880-02
_aज्ञन का युग और भारत
_cरघुनाथ अनंत माशेलकर.
250 _aed/
260 _aनई दिल्ली :
_bप्रभात प्रकाशन,
_c2006
300 _a226p.
_c21cm.
650 0 _aEpistemology
_9495230
700 1 _6880-03
700 1 _6880-04
880 1 _6100-01/ (B
_aMāślakara,Raghūnātha Aṅanta
880 1 0 _6245-02/ (B
_aJṅāna kā yuga aura bhārata
_dRaghūnātha Aṅanta Māślakara
880 1 _6700-03/ (B
880 1 _6700 -04/ (B
887 _aLata
901 _a85566
_b17.10.07
902 _aH 121 M941jṅa
904 _aLata
949 _AVIRTUAITEM
_D10001
_X100
_6DBA000085566HIN
942 _2ddc
_cBKS
999 _aVIRTUA40
_c282971
_d282971
999 _aVTLSSORT0080*0200*0400*0410*0440*0820*1000*2450*2500*2600*3000*6500*7000*7001*8800*8801*8802*8803*9010*9020*9040*9992